| 000 | 00330nam a2200121Ia 4500 | ||
|---|---|---|---|
| 008 | 210430s9999 xx 000 0 und d | ||
| 020 | _a9780470109526 (hardback) | ||
| 082 | _a620.118 N582N | ||
| 100 |
_aNicolais, Luigi. _954893 |
||
| 245 |
_aNanocomposites : _cNicolais, Luigi. |
||
| 300 | _axvi, 229 pages : | ||
| 942 |
_cREF _2ddc |
||
| 999 |
_c565790 _d565790 |
||